000 00471cam a22002051 4500
001 sa 68016826
003 DLC
005 20260227112657.0
008 881102s1968 xx 000 0 beno
010 _asa 68016826
035 _a(OCoLC)23581230
040 _aDLC
_cMiU
_dDLC
042 _apremarc
050 0 0 _aPK1730.37.E496
_bT8
100 1 _aSena, Jayantī.
245 1 0 _aTushāre roda.
260 _c[1968]
300 _a75 p.
_c23 cm.
500 _aRomanized.
999 _c87327
_d87327